02174nam a2200337 4500001000400000003000400004005001700008008004100025020001800066040000800084041001300092082001500105100003500120240003000155245007500185260003200260300001100292520116300303650002901466650002401495650001401519650002501533650002001558650003101578655001601609655002001625700003101645942001501676952013201691999001301823118OSt20250528074012.0250127b |||||||e |||| 00| 1 eng d a9788580412192 bpor hengapor a813bC447s aChamberlain, Dianed1950-9263 aThe midwife´s confession aSegredos e mentiras /cChamerlain, Diane ; Tradução de Regina Lyra aSão PaulobArqueiroc2014 a288 p. aCara Anna, Já comecei esta carta várias vezes e aqui estou, começando-a novamente, sem fazer a mínima ideia de como lhe dizer. A carta não terminada é a única pista que Tara e Emy têm para entender o que levou sua amiga Noelle ao suicídio. As três eram inseparáveis desde a faculdade e tudo a respeito de Noelle – seu trabalho de parteira, a forma como se dedicava apaixonadamente a diversas causas sociais, seu amor pelos amigos e a família – se encaixava na descrição de uma mulher que amava a própria vida. Só que havia muitas coisas que Tara e Emy desconheciam. Por exemplo, quem é Anna e por que Noelle nunca a mencionara. Com a descoberta da carta e do terrível segredo que a motivou, as duas começam a desvendar a verdade sobre essa mulher forte, independente e gentil que entrou em suas vidas trazendo amor e compaixão, mas que também pode ser a responsável por muitas tristezas e ilusões. Com delicadeza e equilíbrio, Diane Chamberlain constrói uma história sensível sobre amizade e relacionamentos e levanta a pergunta: até que ponto você seria capaz de perdoar alguém que ama? 0aLiteratura Americana984 0aSaúde Mental9308 0aDrama918 0aGrandes Amizades928 0aPolêmica9117 0aExperiência de vida9188 0aRomance923 0aFicção 922 aRegina LyraeTradutor9264 2ddcn0cBK 00102ddc40708FICaBIBIBbBIBIBcLEd2022-03-15edoaçãol0o813 / C447sp2025-16577r2025-01-27 07:33:12w2025-01-27yBK c118d118